Ḍholāmārūrā dūhā : (Record no. 77522)

MARC details
000 -LEADER
fixed length control field 01054cam a2200253 i 4500
001 - CONTROL NUMBER
control field sa 68000885
003 - CONTROL NUMBER IDENTIFIER
control field DLC
005 - DATE AND TIME OF LATEST TRANSACTION
control field 20260227112428.0
008 - FIXED-LENGTH DATA ELEMENTS--GENERAL INFORMATION
fixed length control field 850129s1962 ii b 000 0 hino
010 ## - LIBRARY OF CONGRESS CONTROL NUMBER
LC control number sa 68000885
040 ## - CATALOGING SOURCE
Original cataloging agency DLC
Transcribing agency DLC
Modifying agency DLC
041 0# - LANGUAGE CODE
Language code of text/sound track or separate title hinraj
050 00 - LIBRARY OF CONGRESS CALL NUMBER
Classification number PK2708.9.D5
Item number H5
130 0# - MAIN ENTRY--UNIFORM TITLE
Uniform title Ḍholā Mārū rā dūhā.
Language of a work Hindi and Rajasthani.
245 10 - TITLE STATEMENT
Title Ḍholāmārūrā dūhā :
Remainder of title Rājasthānī kā eka suprasiddha prācīna lokagīta, pāṭhāntara, Hindī anuvāda, ṭippaṇī, śabdakosha, pariśishṭa aura prastāvanā ke sātha sampādita /
Statement of responsibility, etc. sampādaka Rāmasiṃha, Sūryakaraṇa Pārīka aura Narottamadāsa Svāmī.
250 ## - EDITION STATEMENT
Edition statement 3. saṃskaraṇa.
260 ## - PUBLICATION, DISTRIBUTION, ETC.
Place of publication, distribution, etc. Kāśī :
Name of publisher, distributor, etc. Nāgarīpracāriṇī Sabhā,
Date of publication, distribution, etc. [1962/63]
300 ## - PHYSICAL DESCRIPTION
Extent 11, 173, 499 p. ;
Dimensions 22 cm.
500 ## - GENERAL NOTE
General note Hindi and Rajasthani; introductory matter in Hindi.
504 ## - BIBLIOGRAPHY, ETC. NOTE
Bibliography, etc. note Bibliography: p. [171]-173 (2d gr.)
700 1# - ADDED ENTRY--PERSONAL NAME
Personal name Singh, Ram,
Titles and other words associated with a name M. A.
700 1# - ADDED ENTRY--PERSONAL NAME
Personal name Pārīka, Sūryakaraṇa,
Dates associated with a name 1902-1939.
700 1# - ADDED ENTRY--PERSONAL NAME
Personal name Dasa, Narottama,
Titles and other words associated with a name Swami,
Dates associated with a name 1905-

No items available.

Powered by Koha